000 00383nam a22001217a 4500
999 _c500
_d500
005 20200814153656.0
008 200814b ||||| |||| 00| 0 eng d
020 _a225901
040 _cCML
245 _aParty and People: A Study of Political Change in Tunisia.
_cRudebeck, L.
260 _aLondon
_bC. Hurst and Company
_c1967
942 _2ddc
_cBK
_e1st Edition
_h320
_mRUD